| 000 | 00573nam a2200169 i 4500 | ||
|---|---|---|---|
| 001 | 90671 | ||
| 003 | ES-MaACL | ||
| 005 | 20230906180527.0 | ||
| 007 | t| | ||
| 008 | 050124s1979 sp ||||1| spa d | ||
| 100 | 1 |
_aLeibniz, Gottfried Wilhelm _cFreiherr von. _971367 |
|
| 245 | 1 | 0 |
_aEscritos políticos / _cG.W. Leibniz ; selección, traducción, notas y prólogo de Jaime de Salas. |
| 260 |
_aMadrid : _bCentro de Estudios Constitucionales, _c1979. |
||
| 300 |
_a323 p. ; _c18 cm. |
||
| 700 | 1 |
_aSalas Ortueta, Jaime de. _9101769 |
|
| 852 |
_aES-MaACL _jC-13445 _bR.100245 |
||
| 999 |
_c90671 _d90671 |
||